|
|
|
|
| LEADER |
01152nam a2200265 u 4500 |
| 001 |
10117579 |
| 003 |
upatras |
| 005 |
20210117205549.0 |
| 008 |
150921s2009 gr gre |
| 020 |
|
|
|a 9789609310567
|
| 040 |
|
|
|a GR-PaULI
|c GR-PaULI
|
| 041 |
0 |
|
|a gre
|
| 082 |
0 |
4 |
|a 889.3
|
| 100 |
1 |
|
|a Ντελώ, Κλαίρη
|4 aut
|9 146176
|
| 245 |
1 |
0 |
|a Πρίγκιπες στη γη της Σερίφου
|c Κλάιρη Ντελώ
|
| 260 |
|
|
|a [Χ.τ.]
|b [χ.ό.]
|c 2009
|
| 300 |
|
|
|a 207 σ.
|c 21 εκ.
|
| 500 |
|
|
|a Το μυθιστόρημα κυκλοφορεί στην αγγλική και γαλλική γλώσσα
|
| 650 |
|
4 |
|a Νεοελληνική πεζογραφία
|y 20ός αιώνας
|9 53432
|
| 650 |
|
4 |
|9 7968
|a Νεοελληνική μυθοπλασία
|y 20ός αιώνας
|
| 852 |
|
|
|a GR-PaULI
|b ΠΑΤΡΑ
|b ΒΚΠ
|b ΒΣ2
|k ΑΣΧΕ
|h 889.3 ΝΤΕ
|m 108304
|p 025000205478
|t 1
|
| 942 |
|
|
|2 ddc
|c BK15
|
| 952 |
|
|
|0 0
|1 0
|4 0
|6 889_300000000000000_ΝΤΕ
|7 0
|9 184094
|a LISP
|b LISP
|c BSC
|d 2016-04-24
|i 108304
|l 0
|o 889.3 ΝΤΕ
|p 025000205478
|r 2017-09-05 00:00:00
|t 1
|w 2016-04-24
|y BK15
|
| 998 |
|
|
|c ΒΑΣΙΛΕΙΟΥ
|d 2015-09
|
| 999 |
|
|
|c 113495
|d 113495
|